|
|
|
|
| LEADER |
00000nam2a2200000 4500 |
| 001 |
261646 |
| 005 |
20231101233601.0 |
| 035 |
|
|
|a (RuTPU)RU\TPU\book\284627
|
| 035 |
|
|
|a RU\TPU\book\284624
|
| 090 |
|
|
|a 261646
|
| 100 |
|
|
|a 20140526d1985 k y0rusy50 ca
|
| 101 |
0 |
|
|a rus
|
| 102 |
|
|
|a UA
|
| 105 |
|
|
|a a z 001zy
|
| 200 |
0 |
|
|a Вып. 41
|
| 210 |
|
|
|d 1985
|
| 215 |
|
|
|a 139 с.
|c ил.
|
| 320 |
|
|
|a Библиография в конце статей
|
| 461 |
|
1 |
|0 (RuTPU)RU\TPU\book\108853
|t Технология и автоматизация машиностроения
|o республиканский межведомственный научно-технический сборник
|f Киевский политехнический институт (КПИ)
|v Вып. 41
|d 1966-1991
|
| 606 |
1 |
|
|a Технология машиностроения
|2 stltpush
|3 (RuTPU)RU\TPU\subj\60151
|9 77640
|
| 610 |
1 |
|
|a машиностроение
|
| 610 |
1 |
|
|a сварные соединения
|
| 610 |
1 |
|
|a качество
|
| 610 |
1 |
|
|a сканирующие устройства
|
| 610 |
1 |
|
|a круглое шлифование
|
| 610 |
1 |
|
|a круги
|
| 610 |
1 |
|
|a износ
|
| 610 |
1 |
|
|a линзы
|
| 610 |
1 |
|
|a призмы
|
| 610 |
1 |
|
|a изготовление
|
| 610 |
1 |
|
|a машинное проектирование
|
| 610 |
1 |
|
|a металлорежущие станки
|
| 610 |
1 |
|
|a шпиндельные узлы
|
| 610 |
1 |
|
|a динамическое моделирование
|
| 610 |
1 |
|
|a твердые сплавы
|
| 610 |
1 |
|
|a высокопрочный чугун
|
| 610 |
1 |
|
|a точение
|
| 610 |
1 |
|
|a инструментальное производство
|
| 610 |
1 |
|
|a клей
|
| 610 |
1 |
|
|a применение
|
| 610 |
1 |
|
|a зажимные механизмы
|
| 610 |
1 |
|
|a станки с программным управлением
|
| 610 |
1 |
|
|a роботы с ЧПУ
|
| 610 |
1 |
|
|a управляющие программы
|
| 610 |
1 |
|
|a гибкие автоматические линии
|
| 675 |
|
|
|a 621.002
|v 3
|
| 801 |
|
1 |
|a RU
|b 63413507
|c 20110907
|
| 801 |
|
2 |
|a RU
|b 63413507
|c 20160606
|g RCR
|
| 942 |
|
|
|c BK
|